000 00313nam a2200121Ia 4500
008 190216s9999||||xx |||||||||||||| ||und||
100 _a"Bhatnagar K P,Nigam Ns & Bhagolawal"
245 0 _aCo-Operation In India And Abroad
260 _bKishore Pub
_c1969
300 _a710p
650 _aEconomics
942 _cBK
999 _c9171
_d9171